| 000 | 01655nam0a2200349 i 4500 | ||
|---|---|---|---|
| 001 | RU\NLR\BIBL_A\010474095 | ||
| 005 | 20241114204357.0 | ||
| 010 |
_a9785806418983 _9500 |
||
| 021 |
_aRU _b2014-55748 _93365 |
||
| 035 | _a(NILC)RuMoRGB-007526895 | ||
| 035 | _a(NLR Aleph) 010474095 | ||
| 090 |
_a10035075 _c10035075 |
||
| 100 | _a20141008d2013 u y0rusy50 ca | ||
| 101 | 0 | _arus | |
| 102 | _aRU | ||
| 105 | _ay|||j||||00yy | ||
| 200 | 1 |
_aХирургические болезни. Медико-социальная экспертиза и реабилитация _eруководство для врачей _f[Р. Т. Скляренко и др.] _gпод ред. проф. Р. Т. Скляренко |
|
| 210 |
_aСанкт-Петербург _cИзд-во РГПУ _d2013 |
||
| 215 |
_a580 с. _d21 |
||
| 320 | _aБиблиогр.: с. 572-576 (97 назв.) | ||
| 517 | 1 | _aМедико-социальная экспертиза и реабилитация | |
| 606 | 1 |
_aХирургические болезни _jРуководства, пособия и т.п _xРеабилитация больных _91994882 _3RU\NLR\AUTH\661201576 |
|
| 606 |
_aХирургические болезни _jРуководства, пособия и т.п _xМедико-социальная экспертиза _92365199 _3RU\NLR\AUTH\661412088 |
||
| 686 | 1 | _aР11(2)339.45я77 | |
| 686 | 1 | _aР45-5я77 | |
| 702 | 1 |
_aСкляренко _bР. Т. _gРимма Тихоновна _4220 |
|
| 801 | 0 |
_aRU _bРГБ _c20140730 _gRCR |
|
| 801 | 1 |
_aRU _bРГБ _c20140730 _2rusmarc |
|
| 942 | _cBOOK | ||
| 980 | _aNBR | ||